书目信息 |
| 题名: |
能源战略与技术:国际环境合作与可持续发展
|
|
| 作者: | 中国环境与发展国际合作委员会 编 | |
| 分册: | ||
| 出版信息: | 北京 中国环境科学出版社 |
|
| 页数: | 211页 | |
| 开本: | 16开 | |
| 丛书名: | ||
| 单 册: | ||
| 中图分类: | X22-53 | |
| 科图分类: | ||
| 主题词: | 环境--综合研究 | |
| 电子资源: | ||
| ISBN: | 7-80135-633-0 | |
| 000 | 00699nam0 2200193 45 | |
| 001 | 0007191039 | |
| 005 | 20001219091508.3 | |
| 010 | @a7-80135-633-0@d39.00元 | |
| 100 | @a20000719d km y0chiy0120 ea | |
| 101 | 0 | @achi |
| 105 | @a z 000yy | |
| 200 | 1 | @a能源战略与技术:国际环境合作与可持续发展@ANeng YuanZhan Lue Yu Ji Shu:Guo Ji Huan Jing He ZuoYu Ke Chi Xu Fa Zhan@f中国环境与发展国际合作委员会编@FZhong GuoHuan Jing Yu Fa Zhan Guo Ji He Zuo Wei Yuan Hui Bian |
| 210 | @a北京@c中国环境科学出版社 | |
| 215 | @a211页@d16开 | |
| 606 | 0 | @a环境@x综合研究 |
| 690 | @aX22-53@v3 | |
| 701 | 0 | @a中国环境与发展国际合作委员会@4编 |
| 801 | @aCN@bPftUser@c20000719 | |
| 905 | @dX22-53@eZH:319@b309045@f1 | |
| 能源战略与技术:国际环境合作与可持续发展/中国环境与发展国际合作委员会编.-北京:中国环境科学出版社 |
| 211页;16开 |
| ISBN 7-80135-633-0:39.00元 |
| ● |
| 相关链接 |
|
|
|
正题名:能源战略与技术:国际环境合作与可持续发展
索取号:X22-53/ZH:319
 
预约/预借
| 序号 | 登录号 | 条形码 | 馆藏地/架位号 | 状态 | 备注 |
| 1 | 309045 | 203090458 | 自科二线400A/400A自科库 28排1列5层/ [索取号:X22-53/ZH:319] | 在馆 |